Word Ladder: Buildings Quiz Stats

 Plays Quiz not verified by Sporcle

Challenge
Share
Tweet
Embed
Score 0/62 Timer 05:00
0 Plays Today
Hint Answer % Correct
Large enclosed shopping areaMall
100%
Where criminals are sentJail
98.2%
What seawater tastes ofSalt
92.9%
Without clothingBare
91.1%
College building containing living quartersDorm
91.1%
Large farm buildingBarn
91.1%
Bladder that produces bileGall
89.3%
Steeped barley or other grainMalt
89.3%
Stopped livingDied
89.3%
Building equipped for grinding grainMill
89.3%
Fine 'dirt' found at the bottom of a lakeSilt
87.5%
Brought into lifeBorn
87.5%
Haul towards oneselfPull
87.5%
Legal document regarding property ownershipDeed
87.5%
Be unsuccessful in (something)Fail
85.1%
Think about (something) deeplyMull
83.9%
Object used for sitting onSeat
83.9%
Move wings (as a bird)Flap
83.9%
Having gone somewhere Went
83.9%
Descend under the force of gravityFall
83%
Where goods or services are soldShop
82.1%
British ray (fish): the thornbackDorn
82.1%
Venus de ____Milo
82.1%
Where grain or grass may be storedSilo
82.1%
Free from contaminationPure
82.1%
Not exposed to dangerSafe
82.1%
Of sound mindSane
82.1%
Diminish (as the moon)Wane
82.1%
Perceived with the eyesSeen
82.1%
UK term for an apartment Flat
80.4%
Strike with the palm of the handSlap
80.4%
Hint Answer % Correct
Appear to beSeem
80.4%
Knitting stitchPurl
80.4%
Small restaurant selling meals and drinkCafe
80.4%
Have a desire to possess (something)Want
80.4%
Transmitted to a destinationSent
80.4%
Waste water from a kitchenSlop
78.6%
Australian actress: BlanchettCate
78.6%
Feel concern or interestCare
78.6%
Section of a Venetian blindSlat
78.6%
The skinDerm
78.6%
Regard or consider in a specified wayDeem
76.8%
Occupy to total capacityFill
75%
Respiratory organ of fishGill
75%
Hinged part of a fenceGate
75%
Central or innermost portionCore
75%
Furnished with footwareShod
71.4%
Noah's eldest sonShem
71.4%
Small shelter for animalsCote
71.4%
Simple roofed garden structureShed
67.9%
Hindi girl's name: short for BhagavadgitaGita
67.9%
Showing eagerness or enthusiasmKeen
67.9%
Venomous lizard: ___ MonsterGila
66.1%
Furnished French holiday houseGite
64.3%
Strongest part of a castleKeep
64.3%
Take a quick or furtive lookPeep
62.5%
Member of the British nobilityPeer
62.5%
Having two or more different colorsPied
62.5%
Combustibles for burning a corpsePyre
58.9%
Airport terminal structurePier
58.9%
Where criminals are sentGaol
57.1%
CowshedByre
57.1%

You're not logged in!

Compare scores with friends on all Sporcle quizzes.
OR
Log In

You Might Also Like...

Show Comments

Extras

Created Feb 3, 2016ReportNominate
Tags:Word Ladder Quiz, building

Top Quizzes Today


Score Distribution

Your Account Isn't Verified!

In order to create a playlist on Sporcle, you need to verify the email address you used during registration. Go to your Sporcle Settings to finish the process.

Report this User

Report this user for behavior that violates our Community Guidelines.

Details: